000
00280nam a22001337a 4500
003
SGT
082
_a
616.024
_b
H12A
100
_a
AVIDAN, ALON Y.
245
_a
HB. OF SLEEP MEDICINE
250
_a
2ND
260
_a
INDIA
_b
WOLTERS
_c
2012
300
_a
490
942
_2
ddc
_c
BK
_0
1
999
_c
14984
_d
14984